Państwa Europy - Statystyki

Ogólne statystyki
  • Ten quiz został rozwiązany 77 razy
    25 od ostatniego zresetowania
  • Średni wynik to 42 z 46
Statystyki odpowiedzi
Stolica Państwa Nazwa Państwa % Poprawnych
Oslo Norwegia
100%
Mińsk Białoruś
95%
Praga Czechy
95%
Kopenhaga Dania
95%
Tallinn Estonia
95%
Helsinki Finlandia
95%
Paryż Francja
95%
Ateny Grecja
95%
Madryt Hiszpania
95%
Dublin Irlandia
95%
Wilno Litwa
95%
Ryga Łotwa
95%
Luksemburg Luksemburg
95%
Monako Monako
95%
Berlin Niemcy
95%
Warszawa Polska
95%
Lizbona Portugalia
95%
Moskwa Rosja
95%
San Marino San Marino
95%
Bratysława Słowacja
95%
Berno Szwajcaria
95%
Sztokholm Szwecja
95%
Kijów Ukraina
95%
Watykan Watykan
95%
Budapeszt Węgry
95%
Londyn Wielka Brytania
95%
Rzym Włochy
95%
Tirana Albania
91%
Andora La Vella Andora
91%
Wiedeń Austria
91%
Bruksela Belgia
91%
Sarajewo Bośnia I Hercegowina
91%
Sofia Bułgaria
91%
Amsterdam Holandia
91%
Rejkjavik Islandia
91%
Bukareszt Rumunia
91%
Zagrzeb Chorwacja
86%
Skopje Macedonia
86%
Belgrad Serbia
86%
Lublana Słowenia
86%
Ankara Turcja
86%
Podgorica Czarnogóra
82%
Vaduz Liechtenstein
82%
Kiszyniów Mołdawia
82%
Valetta Malta
73%
Tyraspol Naddniestrze
14%
Nie znaleziono quizów pasujących do podanych kryteriów
Rozkład punktacji
Procent ludzi z każdym wynikiem
Percentyl według liczby udzielonych odpowiedzi
Twoja historia wyników
Nie rozwiązałeś tego quizu od ostatniego zresetowania